00461nam a22001577a 450000500170000001000130001702000260003003500130005603700100006908200100007910000210008924500620011026000410017227000530021330000370026620111102153240.0 aG-001587 c450.00a9788190540148 aG-001587 bGift  a959.7 aSharma, Geetesh  aTraces of Indian culture in vietnam /cby Geetesh Sharma  aNew Delhi bBanyan Tree Books c2009 a7/31, Ansari Road, DaryaganjbNew Delhi e110002 a180p. c24cm (Hb) bcol. photos